NBA Players By Letter - T - Statistics

General Stats
  • This quiz has been taken 461 times
    452 since last reset
  • The average score is 11 of 15
Answer Stats
First Name Surname Team % Correct
Hollis Thompson Philadelphia 76ers
99%
Klay Thompson Golden State Warriors
99%
Tristan Thompson Cleveland Cavaliers
99%
Karl-Anthony Towns Minnesota Timberwolves
98%
Evan Turner Portland Trail Blazers
95%
Myles Turner Indiana Pacers
95%
Isaiah Thomas Boston Celtics
94%
Lance Thomas New York Knicks
94%
P.J. Tucker Phoenix Suns
90%
Jeff Teague Indiana Pacers
78%
Jason Terry Milwaukee Bucks
53%
Garrett Temple Sacramento Kings
49%
Anthony Tolliver Sacramento Kings
31%
Mirza Teletovic Milwaukee Bucks
24%
Marcus Thornton Washington Wizards
23%
No matching quizzes found
Score Distribution
Percent of People with Each Score
Percentile by Number Answered
Your Score History
You have not taken this quiz since the last reset